Najczęściej używane języki w Finlandii - Statystyki

Ogólne statystyki
  • Ten quiz został rozwiązany 148 razy
    46 od ostatniego zresetowania
  • Średni wynik to 8 z 15
Statystyki odpowiedzi
Liczba mówiących Język % Poprawnych
93 535 rosyjski
98%
287 052 szwedzki
98%
4 778 891 fiński
95%
50 318 estoński
88%
29 448 angielski
81%
13 138 hiszpański
62%
39 069 arabski
57%
15 735 chiński
50%
10 913 turecki
45%
10 600 wietnamski
29%
11 274 tajski
24%
18 097 perski
21%
15 576 albański
14%
24 647 somalijski
12%
16 603 kurdyjski
7%
Nie znaleziono quizów pasujących do podanych kryteriów
Rozkład punktacji
Procent ludzi z każdym wynikiem
Percentyl według liczby udzielonych odpowiedzi
Twoja historia wyników
Nie rozwiązałeś tego quizu od ostatniego zresetowania